000
00476nam a2200157Ia 4500
008
100204s9999 xx 000 0 und d
082
_b
11756
100
_a
गावस्कर सुनिल
245
_a
सनी डेज
260
_b
"उत्कर्ष प्रकाशन, पुणे"
_c
1984 3
300
_a
280
630
_a
सनी डेज
700
_a
पंडित बाळ ज.
730
_a
सनी डेज
942
_c
BOOK
999
_c
456168
_d
456165